000 00648 a2200241 4500
005 20260214110554.0
008 260212b |||||||| |||| 00| 0 eng d
020 _a9781032768748
_cRs. 1595.00
040 _aMAIN
082 _a320.566095
_bS15R
100 _aSubedi, D.B
245 _aRoutledge handbook of populism in the Asia pacific
260 _bRoutledge
_c2024
_aAbingdon
300 _axviii, 425
650 _aPolitical Science
650 _aPopulism
650 _aPolitical Ideology
650 _aAsia - Pacific Region
700 _aBrasted, Howard
700 _aStrokirch, Karin Von
700 _aScott, Alan
942 _cBK
999 _c395249
_d395249